| 000 | 00494nam a2200169Ia 4500 | ||
|---|---|---|---|
| 999 |
_c1578 _d1578 |
||
| 003 | OSt | ||
| 005 | 20200928101922.0 | ||
| 008 | 190216s9999||||xx |||||||||||||| ||und|| | ||
| 040 | _coclc | ||
| 082 |
_a574.192 _bRAG/B |
||
| 100 |
_aRagland, Annie _94791 |
||
| 245 | 0 |
_aBiochemistry & Biophysics / _cAnnie Ragland ; N Arumugam |
|
| 260 |
_bSaras Publications, _aNagercoil: _c2004. |
||
| 300 | _a432p | ||
| 650 | _aBotany | ||
| 942 |
_cBK _2ddc _h574.192 _iRAG/B _k574.192 _mRAG/B |
||